IHO Capacity Building in the South West Pacific region (Record no. 116202)

MARC details
000 -LEADER
fixed length control field 01384cad a22002415a 4500
001 - CONTROL NUMBER
control field L160085
008 - FIXED-LENGTH DATA ELEMENTS--GENERAL INFORMATION
fixed length control field 120529s2010 xxk g 000 0 eng d
035 ## - SYSTEM CONTROL NUMBER
System control number (Sirsi) u160085
041 0# - LANGUAGE CODE
Language code of text/sound track or separate title eng
110 ## - MAIN ENTRY--CORPORATE NAME
Corporate name or jurisdiction name as entry element Federation International Des Geometres
111 2# - MAIN ENTRY--MEETING NAME
Meeting name or jurisdiction name as entry element FIG Working Week 2010
Number [OBSOLETE] Sydney, Australia
Location of meeting 11-16 April 2010
245 00 - TITLE STATEMENT
Title IHO Capacity Building in the South West Pacific region
Remainder of title NZ perspective
Medium [electronic resource]
260 ## - PUBLICATION, DISTRIBUTION, ETC.
Place of publication, distribution, etc. Sydney
Name of publisher, distributor, etc. FIG
Date of publication, distribution, etc. 2010
520 ## - SUMMARY, ETC.
Summary, etc. Outlines recent International Hydrographic Organization (IHO) Capacity Building initiatives in the South West Pacific (SWP), specifically the New Zealand role, responsibilities and contribution. Includes a brief introduction to the IHO strategy, plan and goals for Capacity Building worldwide and how this is being implemented in the region by the member states of the SWPHC.
650 24 - SUBJECT ADDED ENTRY--TOPICAL TERM
Topical term or geographic name entry element CAPACITY ANALYSIS
650 24 - SUBJECT ADDED ENTRY--TOPICAL TERM
Topical term or geographic name entry element HYDROGRAPHY
9 (RLIN) 6245
651 #4 - SUBJECT ADDED ENTRY--GEOGRAPHIC NAME
Geographic name New Zealand
690 ## - LOCAL SUBJECT ADDED ENTRY--TOPICAL TERM (OCLC, RLIN)
Topical term or geographic name as entry element SUSTAINABLE DEVELOPMENT
700 1# - ADDED ENTRY--PERSONAL NAME
Personal name Greenland, Adam
856 40 - ELECTRONIC LOCATION AND ACCESS
Uniform Resource Identifier <a href="https://fig.net/resources/proceedings/fig_proceedings/fig2010/ppt/ts04i/ts04i_greenland_ppt_3981.pdf">https://fig.net/resources/proceedings/fig_proceedings/fig2010/ppt/ts04i/ts04i_greenland_ppt_3981.pdf</a>
Public note View the presentation free of charge at www.fig.net
856 40 - ELECTRONIC LOCATION AND ACCESS
Uniform Resource Identifier <a href="https://www.rics.org/Global/Downloads/IHO_Capacity_Building_in_the_South_West_Pacific_Region_-_NZ_Perspective.pdf">https://www.rics.org/Global/Downloads/IHO_Capacity_Building_in_the_South_West_Pacific_Region_-_NZ_Perspective.pdf</a>
Public note View the abstract free of charge at www.rics.org
942 ## - ADDED ENTRY ELEMENTS (KOHA)
Suppress in OPAC 0
Holdings
Withdrawn status Lost status Source of classification or shelving scheme Damaged status Not for loan Home library Current library Shelving location Date acquired Total Checkouts Full call number Barcode Date last seen Copy number Price effective from Koha item type
    Dewey Decimal Classification     Virtual Virtual Online 22/05/2018   ONLINE PUBLICATION 160085-2001 06/08/2019 1 06/08/2019 Book